000
00491nam a2200181Ia 4500
008
090124s9999 xx 000 0 und d
082
_b
105481
100
_a
गाडगीळ द. धों.
245
_a
पंचरात्र
250
_a
1
260
_c
1956
300
_a
28
600
_a
गाडगीळ द. धों.
630
_a
पंचरात्र
700
_a
गाडगीळ द. धों.
730
_a
पंचरात्र
942
_c
BOOK
999
_c
151572
_d
151572